Adhunik asomia natya chintan (Record no. 4574)

MARC details
000 -LEADER
fixed length control field 00532cam a2200193ua 4500
008 - FIXED-LENGTH DATA ELEMENTS--GENERAL INFORMATION
fixed length control field 150216n ii |||gr||||Z||||||asm
020 ## - INTERNATIONAL STANDARD BOOK NUMBER
International Standard Book Number 978-81-7213-150-0
040 ## - CATALOGING SOURCE
Transcribing agency MAIN
041 ## - LANGUAGE CODE
-- asm
082 ## - DEWEY DECIMAL CLASSIFICATION NUMBER
Classification number 891.4512
100 ## - MAIN ENTRY--PERSONAL NAME
Personal name Handique, Smritirekha Chetia,
Relator term
245 ## - TITLE STATEMENT
Title Adhunik asomia natya chintan
Statement of responsibility, etc. by Smritirekha Chetia Handique
250 ## - EDITION STATEMENT
Edition statement 2nd.
260 ## - PUBLICATION, DISTRIBUTION, ETC.
Place of publication, distribution, etc. Guwahati:
Name of publisher, distributor, etc. Purbanchal Prakash,
Date of publication, distribution, etc. 2012.
300 ## - PHYSICAL DESCRIPTION
Extent 232p:
Dimensions 18cm.
942 ## - ADDED ENTRY ELEMENTS (KOHA)
Koha item type Books
653 ## - INDEX TERM--UNCONTROLLED
Uncontrolled term East Indo-European & Celtic literatures
Holdings
Withdrawn status Lost status Damaged status Not for loan Home library Current library Shelving location Date acquired Total Checkouts Full call number Barcode Date last seen Copy number Price effective from Koha item type Date last checked out
        Naharkatiya College Library Naharkatiya College Library General Stacks 19/09/2020   891.4512 | HAN 20751 19/09/2020 1 19/09/2020 Books  
        Naharkatiya College Library Naharkatiya College Library General Stacks 19/09/2020 1 891.4512 | HAN 20752 26/09/2024 2 19/09/2020 Books 06/09/2024
        Naharkatiya College Library Naharkatiya College Library General Stacks 19/09/2020 2 891.4512 | HAN 22154 18/09/2024 3 19/09/2020 Books 06/09/2024

Naharkatiya College © 2020. All rights reserved.

Powered By